Những người khốn khổ, tập 4

Guardado en:
Detalles Bibliográficos
Formato: Libro
Publicado: 2005
Etiquetas: Agregar Etiqueta
Sin Etiquetas, Sea el primero en etiquetar este registro!
Thư viện lưu trữ: Mạng thư viện Đại học Đà Nẵng
LEADER 00440nam a22001811a 4500
001 000040725
003 17020
005 20160412023349.0
008 160412s2005 000
082 |a N2316 
245 |a Những người khốn khổ, tập 4  |c Victo Huygo 
260 |c 2005 
OWN |a LNN 
999 |a From the UDN01 
TYP |a Monograph 
980 |a Mạng thư viện Đại học Đà Nẵng